Statistiken für Flüsse mit den grössten Einzugsgebieten

Klicken Sie hier um das Quiz zu spielen!

Allgemein

  • Dieses Quiz wurde 100 mal gespielt
  • Das Durchschnittsergebnis liegt bei 9 aus 20

Antwortstatistiken

Einzugsgebiet in km²Fluss% Korrekt
6'112'000Amazonas
99%
3'254'853Nil
97%
1'360'000Wolga
88%
2'981'076Mississippi
84%
3'730'474Kongo
79%
2'261'763Niger
73%
2'306'772Lena
69%
2'972'497Ob
54%
1'081'773Indus
49%
1'722'155Jangtsekiang
49%
1'332'574Sambesi
47%
2'400'000Amur
44%
2'582'672Paraná
27%
1'743'058Mackenzie
23%
2'554'482Jenissei
21%
1'058'549Murray
17%
1'030'000Saint Lawrence
7%
1'722'300Meghna
4%
1'093'442Nelson
4%
1'125'000Schatt al-Arab
3%

Verteilung der Resultate

Perzentil nach korrekt beantworteten Fragen

Anzahl Personen mit jedem Resultat

Ihre Resultats-Entwicklung

Sie haben dieses Quiz noch nicht gespielt